| Tag |
First Indicator |
Second Indicator |
Subfields |
| LEADER |
00000cam a2200000 4500 |
| 001 |
in00000054502 |
| 005 |
20151008052040.0 |
| 008 |
721207s1960 lau b 00000 eng u |
| 010 |
|
|
|a 60011021
|
| 035 |
|
|
|a (OCoLC)00509937
|
| 035 |
|
|
|9 AAH1403AM
|
| 040 |
|
|
|c WSU
|d TXA
|d UtOrBLW
|
| 049 |
|
|
|a TXAM
|c [329596]
|
| 090 |
|
|
|a KF6659
|b .W5
|
| 092 |
|
|
|a 337.91
|b W752u
|
| 100 |
1 |
|
|a Wilson, Robert Renbert,
|d 1898-
|
| 245 |
1 |
0 |
|a United States commercial treaties and international law.
|
| 264 |
|
1 |
|a New Orleans :
|b Hauser Press,
|c [1960]
|
| 300 |
|
|
|a 381 pages ;
|c 24 cm.
|
| 336 |
|
|
|a text
|b txt
|2 rdacontent
|
| 337 |
|
|
|a unmediated
|b n
|2 rdamedia
|
| 338 |
|
|
|a volume
|b nc
|2 rdacarrier
|
| 504 |
|
|
|a Bibliography: pages [358]-370.
|
| 651 |
|
0 |
|a United States
|v Commercial treaties.
|
| 999 |
|
|
|a MARS
|
| 999 |
f |
f |
|s f8798820-0045-3f80-aab2-bbc7d3725002
|i 05aac1e1-6449-349f-b1bb-65d0b4b5c841
|t 0
|
| 952 |
f |
f |
|p ric
|a Texas A&M University
|b Rellis Campus
|c Joint Library Facility
|d Remote Storage
|t 0
|e KF6659 .W5
|h Library of Congress classification
|i unmediated -- volume
|m A14800753765
|
| 998 |
f |
f |
|a KF6659 .W5
|t 0
|l Remote Storage
|